header

Prehistoric Indians of the Southeast (Record no. 79887)

MARC details
000 -LEADER
fixed length control field 01325nam a2200313Ia 4500
100 1# - MAIN ENTRY--AUTHOR NAME
Personal name Walthall, John A.
245 10 - TITLE STATEMENT
Title Prehistoric Indians of the Southeast
260 ## - PUBLICATION, DISTRIBUTION, ETC. (IMPRINT)
Place of publication Tuscaloosa :
Name of publisher University of Alabama Press,
Year of publication 1990, c1980.
300 ## - PHYSICAL DESCRIPTION
Number of Pages xii, 299 p. :
Other physical details ill.
650 #0 - SUBJECT ADDED ENTRY--TOPICAL TERM
Topical Term Indians of North America
Topical Term Indians of North America
856 40 - ELECTRONIC LOCATION AND ACCESS
Uniform Resource Identifier http://site.ebrary.com/lib/rucke/Doc?id=10408833

No items available.

© 2026 Rongo University
Contact us: librarian | system librarian | Rongo university